000 00570nam a2200169Ia 4500
008 090201s9999 xx 000 0 und d
010 _aKPL-46781
040 _bमराठी
041 _aमराठी
082 _a25715
_b46781
100 _aसदाशिव आठवले
245 _aसरदार बापू गोखले
_cसदाशिव आठवले
260 _c2004
_bश्रीविशाखा प्रकाशन
300 _a216
_bमोठा
600 _aसरदार बापू गोखले
942 _cBOOK
999 _c224895
_d224895